00813nam a22001097a 4500040000800000082002600008100004000034245049400074260002600568300002200594856008700616 cRUA aLMA VA 2017 B652 Or.1 aVA CHIKIM វ៉ា ជីគឹម aសិក្សារអំពីលិខិតបទដ្ឋាននគតិយុទ្ធគាំទ្រដល់គម្រោងអភិវឌ្ឍន៍អាគារបូឌីង ស ឡើងវិញនៅសង្កាត់ទន្លេបាសាក់ ខណ្ឌចំការមន រាជធានីភ្នំពេញ study on legal documents supporting reinnovation project of boding sor building in sangkat tonle bassak khan chamkarmon phnom penh aRUAbPhnom penhc2017 ax;33pbill;c29cm uhttps://drive.google.com/file/d/1pknTFVGY4ZBdmE8QlLvK_2y7WK3hZjkj/view?usp=sharing